Kanchhi/ (Record no. 210672)

MARC details
000 -LEADER
fixed length control field 00507nam a2200181 4500
005 - DATE AND TIME OF LATEST TRANSACTION
control field 20250402152425.0
010 ## - LCCN (DPL NO)
LC control number ENG-144446
020 ## - INTERNATIONAL STANDARD BOOK NUMBER
International Standard Book Number 9789357316309
Terms of availability 699.00
035 ## - SYSTEM CONTROL NUMBER
System control number EN-127978
037 ## - SOURCE OF ACQUISITION
Source of stock number/acquisition DBAD
082 ## - DEWEY DECIMAL CLASSIFICATION NUMBER
Classification number N
100 ## - MAIN ENTRY--PERSONAL NAME
Personal name Pun, Weena
245 ## - TITLE STATEMENT
Title Kanchhi/
Statement of responsibility, etc Weena Pun
260 ## - PUBLICATION, DISTRIBUTION, ETC. (IMPRINT)
Place of publication, distribution, etc Gurugram
Name of publisher, distributor, etc Hachette Books Publishing
Date of publication, distribution, etc 2024
270 ## - ADDRESS
Address 4th and 5th Floor, Corporate Centre, Plot No.-94, Sector 44,
City Gurugram
Postal code 122003
300 ## - PHYSICAL DESCRIPTION
Extent 345p.
Dimensions 21cm(hb)
942 ## - ADDED ENTRY ELEMENTS (KOHA)
Source of classification or shelving scheme Dewey Decimal Classification
Item type English Books
Classification part N
Call number suffix PUN
Holdings
Withdrawn status Lost status Not for loan Collection code Home library Current library Date acquired Source of acquisition Cost, normal purchase price Full call number Barcode Copy number Cost, replacement price Koha item type
    Not For Loan Fiction D.B.Act.Division D.B.Act.Division 02/04/2025 Delivery of Books Act Division 699.00 N PUN EN-127978 1 699.00 English Books

© Delhi Public Library
Hit Counter
free hit counter